|
|
|
|
| LEADER |
00991cam a2200277 7i4500 |
| 001 |
0000030729 |
| 005 |
20170218090000.0 |
| 008 |
100302 eng |
| 020 |
|
|
|a 9780495567042 (pbk.)
|
| 020 |
|
|
|a 0495567043 (pbk.)
|
| 040 |
|
|
|a OhCoOLI
|
| 090 |
0 |
0 |
|a PN2091.S8
|b P39 2009
|
| 100 |
1 |
|
|a Parker, W. Oren
|
| 245 |
1 |
0 |
|a Scene design and stage lighting
|c W. Oren Parker, R. Craig Wolf, Dick Block.
|
| 250 |
|
|
|a 9th ed.
|
| 260 |
|
|
|a Belmont, CA:
|b Wadsworth Cengage Learning,
|c 2009.
|
| 300 |
|
|
|a xx, 604 p.:
|b ill.;
|c 29 cm.
|
| 504 |
|
|
|a Includes bibliographical references and index
|
| 650 |
0 |
0 |
|a Stage lighting
|
| 650 |
0 |
0 |
|a Theaters --
|x Stage-setting and scenery
|
| 700 |
1 |
|
|a Wolf, R. Craig
|
| 700 |
1 |
|
|a Block, Dick
|
| 997 |
|
|
|a Communication, Visual Art & Computing, Faculty
|b Visual Art, Department
|
| 998 |
|
|
|a Digital Graphic Design, Diploma
|
| 998 |
|
|
|a Digital Graphic Design, Degree
|
| 999 |
|
|
|a 0000038598
|b BOK
|c OPEN SHELF
|e 1st Floor, Bestari Jaya
|